Kant a antropológia ako vademecum svetoobčana
Kantove chápanie antropológie ako novovekého konceptu umenia existencie. Kant rozvíjal antropológiu iným spôsobom, než aký bol typický pre vedeckú atmosféru 18. storočia. Pragmatická antropológia a prax sebaformovania.
Uložené v:
| Hlavný autor: | |
|---|---|
| Médium: | Kapitola |
| Jazyk: | Slovak |
| Predmet: | |
| Tagy: |
Žiadne tagy, Buďte prvý, kto otaguje tento záznam!
|
MARC
| LEADER | 00000naa a2200000 4500 | ||
|---|---|---|---|
| 001 | 0220314 | ||
| 005 | 20220725085649.3 | ||
| 041 | 0 | |a slo | |
| 044 | |a SK | ||
| 245 | 1 | 0 | |a Kant a antropológia ako vademecum svetoobčana |c Martin Čengeri |
| 520 | |a Kantove chápanie antropológie ako novovekého konceptu umenia existencie. Kant rozvíjal antropológiu iným spôsobom, než aký bol typický pre vedeckú atmosféru 18. storočia. Pragmatická antropológia a prax sebaformovania. | ||
| 610 | 2 | 0 | |a filozofia |
| 610 | 2 | 0 | |a filozofi |
| 610 | 2 | 0 | |a smery filozofické |
| 610 | 2 | 0 | |a dejiny filozofie |
| 610 | 2 | 0 | |a metódy poznania |
| 610 | 2 | 0 | |a subjekt |
| 610 | 2 | 0 | |a pohyb |
| 610 | 2 | 0 | |a systém |
| 100 | 1 | |a Čengeri, Martin | |